Tajomstvo dlhodobo pretrvávajúcich firiem

Firmy, ktoré dokázali prežiť viac ako päťdesiat ba až sto rokov. Dlhovekosť v podnikaní. Trhová a interná flexibilita a pôvodný strategický zámer. Životopis niektorých najstarších firiem.

Na minha lista:
Detalhes bibliográficos
Autor principal: Priečková, Katarína, 1983-
Formato: Capítulo de Livro
Idioma:eslovaco
Assuntos:
Tags: Adicionar Tag
Sem tags, seja o primeiro a adicionar uma tag!

MARC

LEADER 00000naa a2200000 4500
001 0157835
005 20240502072744.0
041 0 |a slo 
044 |a SK 
245 1 0 |a Tajomstvo dlhodobo pretrvávajúcich firiem  |c Katarína Priečková 
520 |a Firmy, ktoré dokázali prežiť viac ako päťdesiat ba až sto rokov. Dlhovekosť v podnikaní. Trhová a interná flexibilita a pôvodný strategický zámer. Životopis niektorých najstarších firiem. 
610 2 0 |a firmy 
610 2 0 |a podnikatelia 
610 2 0 |a podnikanie 
610 2 0 |a stratégia podnikateľská 
610 2 0 |a stratégia marketingová 
610 2 0 |a zámery podnikateľské 
610 2 0 |a rozhodovanie 
100 1 |a Priečková, Katarína, 1983-